Harten, Hans-Christian, 1948-. De-Kulturation und Germanisierung. - Frankfurt [u.a.] : Campus-Verl.. - 1996 [Rezension]

Titel: Harten, Hans-Christian, 1948-. De-Kulturation und Germanisierung. - Frankfurt [u.a.] : Campus-Verl.. - 1996 [Rezension]
Verfasser:
In: Inter finitimos. Beiheft = Zeszyt specjalny, Heft 11 (1997), Seite 48-51
alle Artikel anzeigen
Veröffentlicht: 1997
Format: Aufsatz
Sprache: Deutsch
Kein Bild verfügbar
X
alg: 39502157
001A    $01999:12-11-16 
001B    $01999:08-04-21 $t21:11:24.000 
001D    $01999:12-11-16 
001U    $0utf8 
001X    $00 
002@    $0Aox 
003@    $039502157X 
007A    $039502157X $aHEB 
007T    $0Herd06312 
010@    $ager 
011@    $a1997 
021A    $aHarten, Hans-Christian, 1948-. De-Kulturation und Germanisierung. - Frankfurt {[u.a.] : Campus-Verl.. -  1996 [Rezension] 
028A    $7130378569 $8Scholz, Stephan$Z1971- [Tp3] $9160561981 
031A    $e11 $h48-51 $j1997 
039B    $aIn $8--Abvc--. Inter finitimos. Beiheft = Zeszyt specjalny. - Marburg : Herder Inst., 1998-2000. - ISSN 1615-0597 $x199700000000011952 $9072373210 
039T    $8--Aau--Harten, Hans-Christian$Z1948- [Tp3]. De-Kulturation und Germanisierung. - Frankfurt {[u.a.] : Campus-Verl., 1996. - 336 S.. - ISBN 3-593-35508-6 $9046588051 
045F    $a900.943809043 $eDDC23BSB 
045F/01 $a900 
045F/03 $f09043 
045F/03 $f09044 
045F/03 $g438 

lok: 39502157 78

exp: 39502157 78 1 #EPN
201B/01 $018-11-16 $t13:30:34.000 
201U/01 $0utf8 
203@/01 $0791320189 
208@/01 $a12-11-16 $be 
209A/01 $a/ $f000 $x00 
220C/01 $aTitelaufnehmer: ej 
244Z/01 $2Trx $#Poola $#Lenkija $#Polija $#Polen Land $#Poland $#Lengyelország $#Poľsko $#Polsko $8--Trx--Polska$gkraj $x01 $9391345966 
244Z/01 $aGeschichte 1939-1945 $x02 
244Z/01 $2Trx $#natsionaalsotsialism 1920-1945 $#nacionalsocializmas 1920-1945 $#National Socialism 1920-1945 $#nemzetiszocializmus 1920-1945 $#narodowy socjalizm 1920-1945 $#socializmus národný 1920-1945 $#národní socialismus 1920-1945 $8--Trx--Nationalsozialismus$g1920-1945 $x03 $9391359525 
244Z/01 $2Trx $#integratsioonipoliitika, Saksa $#Vokietijos integracinė politika $#German integration policies $#integráció politika, német $#polityka narodowościowa, niemiecka $#politika integračná nemecká $#germanizační politika $#Germanisierungspolitik $#policy of integration, German $#germanizacja $#germanizačná politika $8--Trx--Integrationspolitik, deutsche $x04 $9391382144 
244Z/01 $2Trx $#arvustused $#recenzijos $#Reviews $#recenziók $#recenzje $#recenzie $#recenze $8--Trx--Rezensionen $x05 $9391357441 
245Z/01 $a06.04.03 $x01 
247C/01 $82080>Marburg/Lahn, Herder-Institut, Forschungsbibliothek, Bibliographieportal $9336309341
LEADER 00000caa a22000002c 4500
001 39502157X
003 DE-603
005 20210408211124.0
007 tu
008 161112s1997 xx |||| | u00||u|ger c
035 |a (DE-599)HEB39502157X 
040 |a DE-603  |b ger  |c DE-603  |d DE-603 
041 |a ger 
082 0 4 |8 1\u  |a 900.943809043  |q DE-101  |2 23/BSB 
085 |8 1\u  |b 900 
085 |8 1\u  |z 1  |s 09043 
085 |8 1\u  |z 1  |s 09044 
085 |8 1\u  |z 2  |s 438 
100 1 |a Scholz, Stephan  |d 1971-  |0 (DE-603)160561981  |0 (DE-588)130378569  |2 gnd 
245 0 0 |a Harten, Hans-Christian, 1948-. De-Kulturation und Germanisierung. - Frankfurt ˜[u.a.] œ: Campus-Verl.. - 1996 [Rezension] 
264 0 |c 1997 
773 0 8 |i In  |t Inter finitimos. Beiheft = Zeszyt specjalny  |d Marburg : Herder Inst., 1998-2000  |x 1615-0597  |g Heft 11 (1997), Seite 48-51  |w (DE-603)072373210  |w (DE-600)1473311-0 
787 0 8 |i Rezension von  |a Harten, Hans-Christian, 1948-  |t De-Kulturation und Germanisierung  |d Frankfurt ˜[u.a.] œ: Campus-Verl., 1996  |h 336 S.  |z 3593355086  |w (DE-603)046588051 
924 0 |9 2080  |a (DE-603)791320189  |b DE-2080  |c HES  |d d  |g /